| 000 | 00603nam a2200193 a 4500 | ||
|---|---|---|---|
| 001 | 3461 | ||
| 003 | CDMR | ||
| 005 | 20131204124833.0 | ||
| 008 | 130130s1970||||||||||||||||||||||||||||d | ||
| 040 |
_aCDMR _bcat _cCDMR |
||
| 100 | 1 |
_aMaletzke, Gerhard _92494 |
|
| 245 | 1 | 0 |
_aSicología de la comunicación colectiva _cGerhard Maletzke ; traducción de Klaus Graetzer |
| 260 |
_aQuito _c1970 _bCIESPAL |
||
| 300 |
_a306 p. _c26 cm |
||
| 490 | 0 |
_aCIESPAL _v57 |
|
| 650 | 0 | 4 |
_9921 _aMitjans de comunicació de massa _xAspectes sociològics |
| 650 | 0 | 4 |
_92367 _aComunicació _xAspectes psicològics |
| 942 |
_cMON _2udc |
||
| 999 |
_c3461 _d3461 |
||